| 000 | 00934cam a2200193 i 4500 | ||
|---|---|---|---|
| 005 | 20251119094221.0 | ||
| 008 | 250721s1992 su gr 000 0 ara d | ||
| 082 | 1 | 4 |
_a213 _bم ل ق |
| 100 | 1 |
_aإبن الملقن، سراج الدين أبو حفص عمر بن علي بن أحمد الانصاري _d[ 723 - 804 ] ه، _eمؤلف. |
|
| 245 | 1 | 2 |
_aالمقنع في علوم الحديث / _cتأليف الامام الحافظ سراج الدين أبو حفص عمر بن علي بن أحمد الانصاري المشهور بابن الملقن ؛ تحقيق دراسة عبدالله يوسف الجديع. |
| 250 | _aالطبعة الاولى. | ||
| 264 | 3 | 1 |
_aالإحساء : _bدار فواز، _c1992. |
| 300 | _a2 جزء. | ||
| 650 | 1 | 7 | _aالإسلام. |
| 650 | 1 | 7 | _aالحديث الشريف. |
| 700 | 1 |
_aالجديع، عبد الله بن يوسف _eمحقق. |
|
| 942 |
_2ddc _cREF |
||
| 999 |
_c26634 _d26634 |
||